[Event "Sousse BICA op 1st"]
[Site "Sousse"]
[Date "2021.12.29"]
[Round "8"]
[White "Alagouri, Hamdi Gaith"]
[Black "Alfaitori, Abdallah"]
[Result "0-1"]
[WhiteElo "1752"]
[BlackElo "1969"]
[PlyCount "64"]
[EventDate "2021.12.24"]
[EventType "swiss"]
[EventRounds "9"]
[EventCountry "TUN"]
[SourceTitle "CBM 205 Extra"]
[Source "ChessBase"]
[SourceDate "2022.01.31"]
[SourceVersion "1"]
[SourceVersionDate "2022.01.31"]
[SourceQuality "1"]

1. d4 d6 2. c4 g6 3. Nf3 Bg7 4. g3 Nf6 5. Nc3 Nbd7 6. e4 e5 7. d5 Nc5 8. Qc2 a5 9. Bg2 0-0 10. 0-0 Nh5 11. Bg5 Qd7 12. Qd2 f5 13. exf5 gxf5 14. Bh6 f4 15. Bxg7 Qxg7 16. Nh4 Bg4 17. f3 Bd7 18. g4 Qg5 19. Nf5 Bxf5 20. gxf5 Qxf5 21. Qf2 Qg5 22. Kh1 Ng3+ 23. Kg1 Nxf1 24. Kxf1 Kh8 25. Bh3 Rg8 26. Ne4 Qh6 27. Bf5 Nxe4 28. fxe4 Rg7 29. Be6 f3 30. h3 Qf4 31. Bg4 Qxe4 32. Qxf3 Rxg4 0-1

[Event "Sousse BICA op 1st"]
[Site "Sousse"]
[Date "2021.12.27"]
[Round "6"]
[White "Alagouri, Hamdi Gaith"]
[Black "Mabrouk, Fathi Ben Salah"]
[Result "0-1"]
[WhiteElo "1752"]
[BlackElo "2036"]
[PlyCount "92"]
[EventDate "2021.12.24"]
[EventType "swiss"]
[EventRounds "9"]
[EventCountry "TUN"]
[SourceTitle "CBM 205 Extra"]
[Source "ChessBase"]
[SourceDate "2022.01.31"]
[SourceVersion "1"]
[SourceVersionDate "2022.01.31"]
[SourceQuality "1"]

1. b3 a5 2. a4 Nf6 3. Nf3 d6 4. e3 e5 5. Nc3 Be7 6. Bb2 0-0 7. d4 e4 8. Nd2 d5 9. Nb5 c6 10. Na3 Na6 11. c4 Nb4 12. cxd5 cxd5 13. Rc1 Bg4 14. f3 exf3 15. Nxf3 Bd6 16. Bb5 Qe7 17. Qe2 Na2 18. Ra1 Bb4+ 19. Kf1 Nc3 20. Qd3 Nfe4 21. Bxc3 Bxc3 22. Ra2 Rac8 23. Ke2 Bb4 24. Nb1 Rc3 25. Nxc3 Nxc3+ 26. Kf2 Nxa2 27. Ne5 Bh5 28. Qc2 Nc3 29. Rf1 Qg5 30. Bd3 Bg6 31. Nf3 Qe7 32. Ne5 Bxd3 33. Qxd3 f6 34. Nf3 Qe4 35. Qxe4 Nxe4+ 36. Ke2 Rc8 37. Kd1 Rc3 38. Nh4 Rxe3 39. Nf5 Rxb3 40. Kc2 Rc3+ 41. Kb2 Nd2 42. Re1 Nc4+ 43. Ka2 Ra3+ 44. Kb1 Bxe1 45. Ne7+ Kf7 46. Nxd5 Rxa4 0-1

[Event "Sousse BICA op 1st"]
[Site "Sousse"]
[Date "2021.12.27"]
[Round "5"]
[White "Ayari, Mahmoud"]
[Black "Alagouri, Hamdi Gaith"]
[Result "0-1"]
[WhiteElo "1926"]
[BlackElo "1752"]
[PlyCount "116"]
[EventDate "2021.12.24"]
[EventType "swiss"]
[EventRounds "9"]
[EventCountry "TUN"]
[SourceTitle "CBM 205 Extra"]
[Source "ChessBase"]
[SourceDate "2022.01.31"]
[SourceVersion "1"]
[SourceVersionDate "2022.01.31"]
[SourceQuality "1"]

1. e4 e5 2. Nf3 Nf6 3. Nxe5 d6 4. Nf3 Nxe4 5. Nc3 Nf6 6. d4 Bg4 7. Be3 d5 8. h3 Bh5 9. Qe2 c6 10. 0-0-0 Be7 11. g4 Bg6 12. Ne5 Nbd7 13. f4 Nxe5 14. dxe5 Be4 15. Rg1 Nd7 16. Nxe4 dxe4 17. Bg2 Qa5 18. Kb1 0-0-0 19. Bxe4 g6 20. Qc4 Rhf8 21. Rd3 Bc5 22. Rgd1 Bxe3 23. Rxe3 Nxe5 24. Qe2 Rxd1+ 25. Qxd1 Rd8 26. Qe2 Nc4 27. Rd3 Rxd3 28. Bxd3 Nd6 29. Qe5 Qxe5 30. fxe5 Ne8 31. Kc1 Kd7 32. Bc4 Ke7 33. g5 Nc7 34. Kd2 Ne6 35. h4 Nf4 36. Bf1 Ke6 37. Bc4+ Nd5 38. Ke2 Kxe5 39. Kf3 f5 40. a3 b5 41. Ba2 c5 42. c4 bxc4 43. Bxc4 a5 44. Bd3 Kd4 45. Bb1 c4 46. h5 c3 47. bxc3+ Kxc3 48. h6 Ne7 49. a4 Kd4 50. Ba2 Nd5 51. Bb3 Ke5 52. Bc4 Nc7 53. Bg8 Ne6 54. Ke3 Nxg5 55. Kd3 f4 56. Kc4 f3 57. Bd5 Ne4 58. Kd3 Kxd5 0-1

[Event "Sousse BICA op 1st"]
[Site "Sousse"]
[Date "2021.12.24"]
[Round "1"]
[White "Alagouri, Hamdi Gaith"]
[Black "Vetoshko, Volodymyr"]
[Result "0-1"]
[WhiteElo "1752"]
[BlackElo "2501"]
[PlyCount "46"]
[EventDate "2021.12.24"]
[EventType "swiss"]
[EventRounds "9"]
[EventCountry "TUN"]
[SourceTitle "CBM 205 Extra"]
[Source "ChessBase"]
[SourceDate "2022.01.31"]
[SourceVersion "1"]
[SourceVersionDate "2022.01.31"]
[SourceQuality "1"]

1. e4 c5 2. Nf3 e6 3. d3 Nc6 4. g3 g6 5. Bd2 Bg7 6. c3 Nge7 7. Na3 d6 8. Bg2 e5 9. Qe2 0-0 10. Nc2 h6 11. h3 Be6 12. g4 Qd7 13. Nh4 d5 14. f4 exf4 15. Nf5 gxf5 16. gxf5 Nxf5 17. exf5 Bxf5 18. 0-0-0 Rae8 19. Qf2 Ne5 20. Ne1 Nxd3+ 21. Nxd3 Bxd3 22. Bf3 Bh7 23. Bg4 Qa4 0-1

[Event "Tripoli Four Seasons-A"]
[Site "Tripoli"]
[Date "2020.03.15"]
[Round "8"]
[White "El Gheiadi, Ibrahim"]
[Black "Alagouri, Hamdi Gaith"]
[Result "1-0"]
[WhiteElo "1752"]
[BlackElo "1797"]
[PlyCount "104"]
[EventDate "2020.03.09"]
[EventType "tourn"]
[EventRounds "9"]
[EventCountry "LBY"]
[SourceTitle "CBM 195 Extra"]
[Source "ChessBase"]
[SourceDate "2020.05.31"]
[SourceVersion "1"]
[SourceVersionDate "2020.05.31"]
[SourceQuality "1"]

1. e4 e5 2. Nf3 Nf6 3. Nxe5 d6 4. Nf3 Nxe4 5. Nc3 Nxc3 6. dxc3 Bg4 7. Be2 Be7 8. Be3 Nc6 9. Qd2 Qd7 10. h3 Bh5 11. 0-0-0 0-0-0 12. Bb5 Kb8 13. g4 Bg6 14. Nd4 a6 15. Nxc6+ bxc6 16. Bxa6 c5 17. Bc4 Be4 18. Rhg1 Bf3 19. Be2 Bc6 20. Qd3 Kb7 21. Qa6+ Kb8 22. Bxc5 Bg5+ 23. Kb1 Bb7 24. Ba7+ Kc8 25. Qa5 Bf4 26. Rd4 Be5 27. Rb4 Qe6 28. Ba6 Bxa6 29. Qxa6+ Kd7 30. f4 Bf6 31. g5 Be7 32. Qa4+ c6 33. Rb7+ Ke8 34. Qxc6+ Kf8 35. Rb8 Rxb8 36. Bxb8 g6 37. Ba7 Kg7 38. Bd4+ f6 39. h4 Kf7 40. Qf3 Rb8 41. h5 fxg5 42. fxg5+ Qf5 43. Qe2 Bxg5 44. Rf1 Bf4 45. hxg6+ hxg6 46. Be3 Re8 47. Qc4+ d5 48. Qxf4 Rxe3 49. Qxf5+ gxf5 50. Rxf5+ Ke6 51. Rf1 Kd6 52. Rd1 Re2 1-0

[Event "Tripoli Four Seasons-A"]
[Site "Tripoli"]
[Date "2020.03.14"]
[Round "7"]
[White "Almansori, Abdalaziz"]
[Black "Alagouri, Hamdi Gaith"]
[Result "1-0"]
[WhiteElo "1851"]
[BlackElo "1797"]
[PlyCount "55"]
[EventDate "2020.03.09"]
[EventType "tourn"]
[EventRounds "9"]
[EventCountry "LBY"]
[SourceTitle "CBM 195 Extra"]
[Source "ChessBase"]
[SourceDate "2020.05.31"]
[SourceVersion "1"]
[SourceVersionDate "2020.05.31"]
[SourceQuality "1"]

1. e4 d5 2. exd5 Nf6 3. Nc3 Nxd5 4. Nf3 Nxc3 5. bxc3 Bg4 6. Bc4 e6 7. Rb1 b6 8. h3 Bh5 9. g4 Bg6 10. Nd4 Be4 11. 0-0 a6 12. d3 Bb7 13. Re1 Bd5 14. Bxd5 Qxd5 15. Bf4 c5 16. Nf5 Kd7 17. Rxb6 exf5 18. c4 Qd4 19. Be5 Nc6 20. Bxd4 Nxd4 21. c3 Kc7 22. Rb2 Ne6 23. Qf3 Ra7 24. gxf5 Nd8 25. Qf4+ Bd6 26. Re7+ Kc8 27. Qxd6 Rxe7 28. Rb8# 1-0

[Event "Tripoli Four Seasons-A"]
[Site "Tripoli"]
[Date "2020.03.13"]
[Round "5"]
[White "Elhallawi, Mouhanned S"]
[Black "Alagouri, Hamdi Gaith"]
[Result "1/2-1/2"]
[WhiteElo "1900"]
[BlackElo "1797"]
[PlyCount "178"]
[EventDate "2020.03.09"]
[EventType "tourn"]
[EventRounds "9"]
[EventCountry "LBY"]
[SourceTitle "CBM 195 Extra"]
[Source "ChessBase"]
[SourceDate "2020.05.31"]
[SourceVersion "1"]
[SourceVersionDate "2020.05.31"]
[SourceQuality "1"]

1. e4 e5 2. f4 d5 3. Nc3 exf4 4. Nf3 Nf6 5. e5 Ne4 6. d4 Bb4 7. Bd2 Nxd2 8. Qxd2 Bf5 9. a3 Be7 10. Ne2 Bh4+ 11. g3 fxg3 12. hxg3 Be7 13. Nc3 c6 14. Bd3 Bxd3 15. Qxd3 h6 16. Qf5 Qd7 17. Qd3 Qg4 18. Ne2 Bg5 19. Nxg5 Qxg5 20. Qb3 Qe7 21. 0-0-0 Na6 22. e6 fxe6 23. Nf4 0-0-0 24. Rhe1 Nc7 25. Kb1 Rhe8 26. Re5 g5 27. Nd3 Na6 28. Rde1 Qf6 29. Qa4 Qe7 30. R5e3 Kb8 31. Ne5 Ka8 32. Rf1 Rf8 33. Rfe1 Rf6 34. Qa5 Qc7 35. Nxc6 Qxa5 36. Nxa5 Nc7 37. Nb3 b6 38. a4 Rdf8 39. Nd2 Rf2 40. Kc1 Rg2 41. Rf1 Rff2 42. Rxf2 Rxf2 43. Nf3 Kb8 44. g4 Kc8 45. Ne5 Kd8 46. Rh3 Rf6 47. Nc6+ Kd7 48. Nxa7 Ne8 49. Nb5 Nd6 50. Nc3 Nf7 51. Ne2 e5 52. dxe5 Nxe5 53. Rg3 Rf3 54. Rg1 Re3 55. Nc3 Kc6 56. Rd1 Nxg4 57. Nxd5 Re2 58. Nb4+ Kc7 59. Rh1 Rh2 60. Rxh2 Nxh2 61. Kd1 Ng4 62. Ke2 Kd6 63. Nd3 Ne5 64. Nf2 Kd5 65. b3 Kd4 66. Nd1 h5 67. c3+ Ke4 68. Nf2+ Kf4 69. b4 g4 70. a5 b5 71. a6 Nc6 72. c4 h4 73. cxb5 Nd4+ 74. Kd3 Nxb5 75. Kc4 Nd6+ 76. Kd3 Nc8 77. Ke2 g3 78. Nd3+ Kg4 79. Ne5+ Kh3 80. Kf1 g2+ 81. Kf2 Kh2 82. Nf3+ Kh1 83. Ng1 Nb6 84. a7 Kh2 85. b5 h3 86. Ne2 Nc8 87. Ng1 Nb6 88. Ne2 Na8 89. Ng1 Nb6 1/2-1/2

[Event "Tripoli Four Seasons-A"]
[Site "Tripoli"]
[Date "2020.03.11"]
[Round "3"]
[White "Al Areefi, Jamal"]
[Black "Alagouri, Hamdi Gaith"]
[Result "1/2-1/2"]
[WhiteElo "1848"]
[BlackElo "1797"]
[PlyCount "53"]
[EventDate "2020.03.09"]
[EventType "tourn"]
[EventRounds "9"]
[EventCountry "LBY"]
[SourceTitle "CBM 195 Extra"]
[Source "ChessBase"]
[SourceDate "2020.05.31"]
[SourceVersion "1"]
[SourceVersionDate "2020.05.31"]
[SourceQuality "1"]

1. e4 e5 2. Nf3 Nf6 3. d4 exd4 4. Bc4 Bb4+ 5. c3 dxc3 6. 0-0 0-0 7. e5 Ne4 8. Qb3 Nc6 9. bxc3 Be7 10. Bd5 Nc5 11. Qc4 b5 12. Qe2 Rb8 13. Rd1 Na5 14. Nd4 Bb7 15. Bxb7 Rxb7 16. Nxb5 Nc6 17. Nd4 Nxd4 18. cxd4 Na4 19. Qa6 Qb8 20. Qxa4 Rxb1 21. Be3 Rxa1 22. Rxa1 c6 23. Qc2 Qc7 24. f4 Rb8 25. d5 Qb7 26. dxc6 dxc6 27. Rc1 1/2-1/2